Normal view
MARC view
- القانون الجنائي -- الأردن -- جرائم الأموال -- الأردن
Entry Topical Term
001 - CONTROL NUMBER
- control field: 42254
003 - CONTROL NUMBER IDENTIFIER
- control field: JO-AjAnu
005 - DATE AND TIME OF LATEST TRANSACTION
- control field: 20230606081018.0
008 - FIXED-LENGTH DATA ELEMENTS
- fixed length control field: 230606|| aca||aabn | a|a d
040 ## - CATALOGING SOURCE
- Original cataloging agency: JO-AjAnu
- Transcribing agency: JO-AjAnu
150 ## - HEADING--TOPICAL TERM
- Topical term or geographic name entry element: القانون الجنائي -- الأردن -- جرائم الأموال -- الأردن
670 ## - SOURCE DATA FOUND
- Source citation: Work cat.: (JO-AjAnu)21646: صالح، نائل عبد الرحمن, author 42253, الوجيز في الجرائم الواقعة على الأموال : السرقة، الاحتيال، إساءة الائتمان، الرشوة والجرائم الملحقة بها